O carácter da criminalização dos movimentos sociais no Brasil /

Se describe la represión estatal en Brasil hacia los movimientos campesinos, específicamente la realizada en Rio Grande do Sul en el 2008. El texto denuncia la criminalización de dichos movimientos y el favorecimiento de las compañías transnacionales.

Gespeichert in:
Bibliographische Detailangaben
1. Verfasser: Sanson, César
Format: Text
Schlagworte:
Tags: Tag hinzufügen
Keine Tags, Fügen Sie den ersten Tag hinzu!

MARC

LEADER 00000 a a2200000 04500
001 11075
003
040
100 |a Sanson, César  
245 |a O carácter da criminalização dos movimentos sociais no Brasil /  |c César Sanson 
520 |a Se describe la represión estatal en Brasil hacia los movimientos campesinos, específicamente la realizada en Rio Grande do Sul en el 2008. El texto denuncia la criminalización de dichos movimientos y el favorecimiento de las compañías transnacionales.  
650 |a 1.BRASIL  
650 |a 2.REPRESION  
650 |a 3.MOVIMIENTOS CAMPESINOS  
650 |a 4.CONFLICTOS SOCIALES  
773 |g volumen 9, número 24; páginas 197-208  
999 |c 35395  |d 35395